000 00559cab a2200193 4500
001 WB3034-42
008 090401t1994 xxu||||| |||| 00| 0 eng d
035 _a(Sirsi) u47121
041 _aeng
245 _aVoluntary move to metric
260 _c1994
350 _a0
490 _aCSM (Chartered Surveyor Monthly)
_v3(11) September 1994, 4(1)
520 _aExamines RICS consultation with members over a voluntary move to using metric measurements.
650 _aMETRICATION
690 _aMAPPING AND MEASUREMENT
942 _n0
948 _c04/03/1997
999 _c29721
_d29721